Environmental analysis : (Record no. 37229)
[ view plain ]
| 000 -LEADER | |
|---|---|
| fixed length control field | 00610nam a22002177a 4500 |
| 001 - CONTROL NUMBER | |
| control field | 37229 |
| 003 - CONTROL NUMBER IDENTIFIER | |
| rucl marc code | BD-RjUL |
| 005 - DATE AND TIME OF LATEST TRANSACTION | |
| control field | 20211209052606.0 |
| 008 - FIXED-LENGTH DATA ELEMENTS--GENERAL INFORMATION | |
| fixed length control field | 141116s1998 ii ||||| |||| 00| 0 eng d |
| 020 ## - INTERNATIONAL STANDARD BOOK NUMBER | |
| International Standard Book Number | 8187167068 |
| 035 ## - SYSTEM CONTROL NUMBER | |
| System control number | (BD-RjUL)37331 |
| 040 ## - CATALOGING SOURCE | |
| Original cataloging agency | BD-RjUL |
| Language of cataloging | eng |
| Transcribing agency | BD-RjUL |
| 041 ## - LANGUAGE CODE | |
| Language code of text/sound track or separate title | eng |
| 082 ## - DEWEY DECIMAL CLASSIFICATION NUMBER | |
| Classification number | 628.161 |
| 100 ## - MAIN ENTRY--PERSONAL NAME | |
| Personal name | Saxena, M.M. |
| 9 (RLIN) | 114039 |
| 245 ## - TITLE STATEMENT | |
| Title | Environmental analysis : |
| Remainder of title | water, soil and air / |
| Statement of responsibility, etc. | M M Saxena |
| 260 ## - PUBLICATION, DISTRIBUTION, ETC. (IMPRINT) | |
| Place of publication, distribution, etc. | Bikaner, India : |
| Name of publisher, distributor, etc. | Argo Botanical Publishers, |
| Date of publication, distribution, etc. | 1998. |
| 300 ## - PHYSICAL DESCRIPTION | |
| Pagination | 184 p. : |
| Illustrations | ill. ; |
| Size | 23 cm. |
| 650 ## - SUBJECT ADDED ENTRY--TOPICAL TERM | |
| Topical term or geographic name as entry element | Water |
| General subdivision | Analysis. |
| 9 (RLIN) | 114040 |
| 942 ## - ADDED ENTRY ELEMENTS (KOHA) | |
| Source of classification or shelving scheme | Dewey Decimal Classification |
| Koha item type | Books |
| Lost status | Source of classification or shelving scheme | Damaged status | Not for loan | Permanent Location | Current Location | Shelving location | Date acquired | Cost, normal purchase price | Total Checkouts | Full call number | Date last seen | Copy number | Koha item type |
|---|---|---|---|---|---|---|---|---|---|---|---|---|---|
| Dewey Decimal Classification | Not For Loan | Institute of Biological Sciences (IBSc) Library | Institute of Biological Sciences (IBSc) Library | 16/11/2014 | 480.00 | 628.161 SAE 1998 | 16/11/2014 | C-1 | Books | ||||
| Dewey Decimal Classification | Not For Loan | Institute of Biological Sciences (IBSc) Library | Institute of Biological Sciences (IBSc) Library | 17/11/2014 | 435.00 | 628.161 SEA 1998 | 17/11/2014 | C-2 | Books |